| 000 | 003420000a22001450004500 | ||
|---|---|---|---|
| 003 | LK-CoMWRAF | ||
| 008 | 230817t ||||| |||| 00| 0 eng d | ||
| 040 |
_aLK-CoMWRAF _dLK-CoMWRAF _eLK-CoMWRAF |
||
| 041 | _aeng | ||
| 082 |
_a302 _bTAM |
||
| 245 |
_aThe Tamilnadu Women's Forum _b |
||
| 260 |
_b _a _c |
||
| 650 | _aSeminar report | ||
| 942 | _cBK | ||
| 999 |
_c1986 _d1986 |
||